Teória a prax účtovania, vykonávania a využitia inventarizácie vo vybranej organizácii diplomová práca

Gespeichert in:
Bibliographische Detailangaben
1. Verfasser: Janatová, Jana
Körperschaft: Národohospodárska fakulta EU. Katedra financií
Weitere Verfasser: Staríčková, Zuzana
Format: Buch
Sprache:Slowakisch
Veröffentlicht: Bratislava 2009
Tags: Tag hinzufügen
Keine Tags, Fügen Sie das erste Tag hinzu!

MARC

LEADER 00000nam$a2200000$$$4500
001 0096625
005 20240318141535.5
041 0 |a slo 
044 |a SK 
245 1 0 |a Teória a prax účtovania, vykonávania a využitia inventarizácie vo vybranej organizácii  |b diplomová práca  |c Jana Janatová ; škol. Zuzana Staríčková 
264 1 |a Bratislava  |c 2009 
300 |a 61 s. 
100 1 |a Janatová, Jana 
700 1 |a Staríčková, Zuzana 
710 2 |a Národohospodárska fakulta EU. Katedra financií